Tratado de fideicomiso /

Guardado en:
Autor Principal: Kiper, Claudio M.
Otros Autores: Lisoprawski, Silvio V.
Formato: Libro
Idioma:Spanish
Publicado: Buenos Aires : Lexis Nexis, 2004
Edición:2a. ed. act.
Materias:
Etiquetas: Agregar Etiqueta
Sin Etiquetas, Sea el primero en etiquetar este registro!
LEADER 00510nam a22001695a 4500
001 DER.der007062
008 180615s2004####ag#####|###|#|######spa||
005 20251020124710.0
245 1 0 |a Tratado de fideicomiso /  |c Claudio M. Kiper, Silvio V. Lisoprawski. 
250 |a 2a. ed. act. 
260 |a Buenos Aires :  |b Lexis Nexis,  |c 2004 
300 |a 831 p. 
020 |a 9501419428 
100 1 |a Kiper, Claudio M. 
700 1 |a Lisoprawski, Silvio V. 
650 7 |a DERECHOS REALES 
859 |a DERECHO  |b BIB. DERECHO  |h 346.2  |i KIP  |p 005743